00382nam a2200121Ia 45000010005000000080041000050820022000461000090000682450036001582600024001949010027002189990015002453731241024s9999 xx 000 0 und d aRD/384/R426o/2013 aRepública Dominicana.Ministerio de Educación.Oficina de Acceso a la Información 0aInforme de gestión año 2013 bSanto Domingoc2013 a17/3/2014 2:20:15 p.m. c8252d8252